Länder der Welt ohne R im Namen - Statistiken

Allgemein
  • Dieses Quiz wurde 389 mal gespielt
    329 seit der letzten Aktualisierung
  • Das Durchschnittsergebnis liegt bei 81 aus 105
Antwortstatistiken
Hint Antwort % Korrekt
D Deutschland
95%
Belgien
94%
Finnland
94%
Estland
92%
Albanien
91%
C Chile
91%
China
91%
I Indien
91%
Japan
91%
Kanada
91%
Lettland
91%
Jemen
90%
Schweden
90%
Island
89%
Litauen
89%
Ägypten
88%
O Oman
88%
Spanien
87%
Ghana
86%
Indonesien
86%
H Haiti
84%
Italien
84%
Libyen
84%
F Fidschi
83%
Kosovo
83%
Liechtenstein
83%
Polen
83%
Schweiz
83%
Venezuela
83%
A Afghanistan
82%
Guinea
82%
L Laos
82%
P Pakistan
82%
Usbekistan
82%
Dschibuti
81%
Kolumbien
81%
Slowenien
81%
Monaco
80%
Vietnam
80%
B Bahamas
79%
Bangladesch
79%
J Jamaika
79%
Mali
79%
Neuseeland
79%
Slowakei
79%
Vatikanstadt
79%
Bhutan
78%
Malta
78%
Mexiko
78%
Angola
77%
Eswatini
77%
Kasachstan
77%
Kenia
77%
N Namibia
77%
Togo
77%
Tschechien
77%
Guinea-Bissau
76%
Panama
76%
Sudan
76%
Thailand
76%
U Uganda
76%
Bolivien
75%
Gambia
75%
Malediven
75%
Tunesien
75%
E Elfenbeinküste
74%
Kuba
74%
Lesotho
74%
Palau
74%
Südsudan
74%
T Tadschikistan
74%
V Vanuatu
74%
Nepal
73%
Mongolei
72%
Libanon
71%
Tansania
71%
Äthiopien
70%
Belize
70%
Guatemala
70%
Guyana
70%
K Kambodscha
70%
Malaysia
70%
Tschad
70%
G Gabun
69%
Kuwait
69%
Sambia
69%
Somalia
69%
Moldawien
68%
Philippinen
68%
Tuvalu
67%
Dominica
66%
Benin
65%
M Malawi
65%
St. Lucia
65%
Tonga
65%
Seychellen
64%
Botswana
62%
Senegal
62%
Simbabwe
62%
St. Kitts und Nevis
62%
Mosambik
61%
Papua-Neuguinea
60%
Taiwan
56%
Samoa
55%
S Salomonen
51%
Keine übereinstimmenden Quizze gefunden
Verteilung der Resultate
Anzahl Personen mit jedem Resultat
Perzentil nach korrekt beantworteten Fragen
Ihre Resultats-Entwicklung
Sie haben dieses Quiz seit der letzten Aktualisierung nicht gespielt